| 000 | 01307nam a2200325 a 4500 | ||
|---|---|---|---|
| 001 | 000115332 | ||
| 003 | CHAP | ||
| 005 | 20220329144530.0 | ||
| 008 | 190509s2018 mx a |sm |||||||spa d | ||
| 010 | _a111793 | ||
| 011 | _a112765 | ||
| 040 | _cCHAP | ||
| 090 | _aTesis | ||
| 100 | 1 |
_aValdivia Cabral, Juanita Japheth. _9135551 |
|
| 245 | 1 | 3 |
_aEl conflicto socioambiental en el valle de Mazapil, Zacatecas, a partir del establecimiento de la minera peñasquito 2006-2016 _h[En línea] _cpor Juanita Japheth Valdivia Cabral. |
| 260 |
_aZacatecas, Zacatecas; Méx. : _bEl autor, _c2018. |
||
| 500 | _aPara ver el contenido del material haga clic en la liga | ||
| 502 | _aTesis (M.C. en Desarrollo Rural Regional) -- UACH. Dirección de Centros Regionales Universitarios | ||
| 590 |
_aE11695DGD _b10 _c20190513 _lUCH01 _h1246 |
||
| 590 |
_aE6339RRR _b05 _c20190509 _lUCH01 _h1125 |
||
| 590 |
_aE6339RRR _b05 _c20190509 _lUCH01 _h1125 |
||
| 590 |
_aE6339RRR _b05 _c20190509 _lUCH01 _h1144 |
||
| 650 | 1 | 4 |
_aIndustria minera _xImpacto social. _9131524 |
| 650 | 1 | 4 |
_aOrganización de la comunidad rural. _9134503 |
| 650 | 1 | 4 |
_aRecursos naturales _xConservación _zZacatecas. _995271 |
| 856 |
_aFinding aid _uhttp://10.13.5.2/tesis/sist115332.pdf _zTeclea aquí |
||
| 901 | _aBK | ||
| 942 | _cTESIS | ||
| 942 | _n0 | ||
| 999 |
_c111793 _d111793 |
||